[Event "Madrid-ch Seniors 50"]
[Site "Madrid"]
[Date "2022.04.06"]
[Round "8"]
[White "Jimenez Gonzalez, Marcos"]
[Black "Lopez Manso, Jeronimo"]
[Result "1-0"]
[WhiteElo "1761"]
[BlackElo "1410"]
[PlyCount "65"]
[EventDate "2022.03.28"]
[EventType "swiss"]
[EventRounds "9"]
[EventCountry "ESP"]
[SourceTitle "EXT 2023"]
[Source "ChessBase"]
[SourceDate "2022.10.05"]
[SourceVersion "1"]
[SourceVersionDate "2022.10.05"]
[SourceQuality "1"]

1. d4 Nf6 2. c4 e6 3. g3 c5 4. d5 b5 5. cxb5 Nxd5 6. Bg2 Bb7 7. Nf3 Qa5+ 8. Bd2 Qxb5 9. Na3 Qxb2 10. Nc4 Nc3 11. Nxb2 Nxd1 12. Rxd1 d5 13. 0-0 Be7 14. Bf4 Ba6 15. Rfe1 Nc6 16. Ne5 Nd4 17. Bf3 g5 18. Be3 Nc2 19. Rf1 Rc8 20. Bc1 Bd6 21. Ng4 Be7 22. Ne3 Nd4 23. Rfe1 h5 24. Na4 g4 25. Bg2 Nxe2+ 26. Kh1 Nd4 27. Bb2 Bf6 28. Nxd5 Bg7 29. Rc1 Kd7 30. Nxc5+ Rxc5 31. Rxc5 Rb8 32. Rc7+ Kd6 33. Ba3+ 1-0